000 01287naa a22003137a 4500
001 BR8802945
003 BR-BrBNA
005 20240918180008.0
007 ta
008 230509b bl.||||| |||| 00| 0 por d
040 _aBR-BrBNA
_bpor
_cBiblioteca Nacional de Agricultura
041 _a(Pt)
072 _aP40
_b/G514
_bGZ35
090 _aP40 BR8802945
100 1 _aFrank, B.
100 1 _aSilva, H. dos S.
100 1 _aSaraiva, J.M.B.
100 1 _aRizzo, P.T.
111 1 _a1. Congresso Interamericano de Meteorologia; 4. Congresso Brasileiro de Meteorologia
_cBrasilia, DF (Brazil)
_d20-24 Oct 1986
245 1 _aEstudo climatologico da Bacia do Itajai: resultados preliminares [Santa Catarina]
260 3 _aBelo Horizonte, MG (Brasil):
_c1986.
500 _aAnais do 1. Congresso Interamericano de Meteorologia e 4. Congresso Brasileiro de Meteorologia Belo Horizonte, MG (Brasil): 1986. v. 1 p. 136-141 (BR8802945-AM)P40
650 _aPRECIPITACAO PLUVIAL
650 _aBACIA HIDROGRAFICA
650 _aSANTA CATARINA
773 0 _tAnais do 1. Congresso Interamericano de Meteorologia e 4. Congresso Brasileiro de Meteorologia
_wP40 BR8802945
_gBelo Horizonte, MG (Brasil), 1986. v. 1 p. 136-141
909 _a202404
_bLucia
_c55
_dLucia Elande
942 _cAM
_2AGRIS
999 _c319145
_d319145